000 00995nam0a22002771 4500
001 rc\2777008
005 20250806204937.0
035 _a(NLR Aleph) 006903289
090 _a30269
_c30269
100 _a20110915d1941 u y0rusy50 ca
101 0 _arus
102 _aRU
105 _aa z |||||
200 1 _aПлодоводство и ягодоводство
205 _a6-е изд., испр. и доп.
210 _aМосква
_cСельхозгиз
_d1941
215 _a400 с.
_cил.
_d21 см.
225 1 _aУчебники и учебные пособия для подготовки сельскохозяйственных кадров массовой квалификации
700 1 _aФетисов
_bГ.Г.
_gГеоргий Георгиевич
801 0 _aRU
_bNLR
_gpsbo
801 1 _aRU
_bELAR
_2rusmarc
852 _aNLR
_jС40 Г-3/287
942 _cBOOK
945 _aРоссийская национальная библиотека
980 _aNB
980 _aBV